Welcome to the Holygrace Academy Library

Please use search bar below to get started

KUTTANTE KATHA (Record no. 1607)

MARC details
000 -LEADER
fixed length control field 00257nam a22001217a 4500
082 ## - DEWEY DECIMAL CLASSIFICATION NUMBER
Classification number 894.812.3
Item number BHE/K
100 ## - MAIN ENTRY--AUTHOR NAME
Personal name BHEEMAN, K
245 ## - TITLE STATEMENT
Title KUTTANTE KATHA
260 ## - PUBLICATION, DISTRIBUTION, ETC. (IMPRINT)
Place of publication KOCHI
Name of publisher POORNODAYA BOOK TRUST
300 ## - PHYSICAL DESCRIPTION
Number of Pages 78
650 ## - SUBJECT ADDED ENTRY--TOPICAL TERM
Topical Term STORY
Geographic subdivision KERALA
942 ## - ADDED ENTRY ELEMENTS (KOHA)
Koha item type Books
Holdings
Withdrawn status Lost status Collection code Home library Current library Shelving location Date acquired Source of acquisition Cost, normal purchase price Full call number Accession Number Koha item type
    Fiction Main Library Main Library SHELF-6C MALAYALAM SHORT STORIES 15/05/2009 PURCHASE 21.00 894.812.3 BHE/K 04086 Books